000 00324nam a22001337a 4500
008 170606b xxu||||| |||| 00| 0 eng d
020 _a9780321349170
041 _aeng
080 _22ND
_a321
100 _a18
101 _aSHP
245 _aINTERNATIONAL ORGANIZATION AND GLOBAL GOVERNACE
_cKRATOCHWIL,F
942 _2udc
_cBK
999 _c16168
_d16168